Czy znasz najlepszych strzelców w historii ligi mistrzów? - Statystyki

Ogólne statystyki
  • Ten quiz został rozwiązany 1 217 razy
  • Średni wynik to 7 z 25
Statystyki odpowiedzi
Liczba goli Piłkarz % Poprawnych
126 Cristiano Ronaldo
96%
112 Lionel Messi
91%
53 Robert Lewandowski
82%
60 Karim Benzema
61%
32 Neymar
53%
72 Raul
48%
48 Zlatan Ibrahimović
37%
50 Thierry Henry
32%
30 Wayne Rooney
25%
37 Sergio Aguero
22%
42 Thomas Muller
22%
44 Didier Drogba
20%
30 Samuel Eto
17%
30 Kaka
16%
34 Edinson Cavani
15%
34 Gerd Muller
14%
56 Ruud van Nistelrooy
14%
42 Alessandro Del Piero
12%
31 Arjen Robben
12%
49 Alfredo di Stefano
11%
48 Andrij Szewczenko
10%
36 Ferenc Puskas
9%
46 Filippo Inzaghi
9%
46 Eusebio
6%
33 Fernando Morientes
4%
Nie znaleziono quizów pasujących do podanych kryteriów
Rozkład punktacji
Procent ludzi z każdym wynikiem
Percentyl według liczby udzielonych odpowiedzi
Twoja historia wyników
Nie rozwiązałeś tego quizu